Chemists A-Z - Statistics

General Stats
  • This quiz has been taken 17 times
  • The average score is 2 of 26
Answer Stats
Hint Answer % Correct
C Marie Curie
88%
P Louis Pasteur
38%
N Alfred Nobel
13%
V Alessandro Volta
6%
D John Dalton
6%
Y Ada Yonath
0%
Z Ahmed Zewali
0%
L Alfred Lucas
0%
S Alfred Stock
0%
W Alfred Wegener
0%
M Viktor Meyer
0%
O Fred Olsen
0%
U Harold Urey
0%
R Irwin Rose
0%
G Johann Gadolin
0%
B Joseph Black
0%
T Kristy Turner
0%
A Natalie Ahn
0%
Q None
0%
H Otto Hahn
0%
F Paul Flory
0%
J Paul Janssen
0%
K Paul Karrer
0%
E Sandra Eaton
0%
I Vladimir Ipatieff
0%
X Xie Yi
0%
No matching quizzes found
Score Distribution
Percent of People with Each Score
Percentile by Number Answered
Your Score History
You have not taken this quiz